The Reform of the South African Law of Divorce : (Record no. 517)

MARC details
000 -LEADER
fixed length control field 00652nam a22001697a 4500
005 - DATE AND TIME OF INPUT
control field 20231110085444.0
008 - DATA ELEMENTS--GENERAL INFORMATION
fixed length control field 231110b |||||||| |||| 00| 0 eng d
020 ## - INTERNATIONAL STANDARD BOOK NUMBER
International Standard Book Number 0702110582
041 ## - LANGUAGE CODE
Language code of text English
082 ## - SHELF NUMBER
DDC number 346.1 HAH
100 ## - MAIN AUTHOR
Main author's name Hahlo, HR and Sinclair, JD
Language of a work English
245 ## - TITLE STATEMENT
Title The Reform of the South African Law of Divorce :
Sub-title The Dissolution of Marriages on Presumption of Death Act 23 of 1979 (The Divorce Act 70 of 1979) /
Statement of responsibility, etc. HR Hahlo and JD Sinclair
260 ## - PUBLICATION, DISTRIBUTION, ETC.
Place of publication, distribution, etc. Cape Town :
Name of publisher, distributor, etc. Juta and Company Ltd,
Date of publication, distribution, etc. 1980
300 ## - PHYSICAL DESCRIPTION
Other physical details vi, 66 pages ;
Dimensions 25,5 cm.
650 ## - SUBJECT`
Broad subject Legal practice
Own subject terms Law
942 ## - ADDED ENTRY ELEMENTS (KOHA)
Item type Books
942 ## - ADDED ENTRY ELEMENTS (KOHA)
-- ALISON_BN_VRIES
Holdings
Source of classification or shelving scheme Not for loan Collection code Home library Current library Shelving location Date acquired Full call number Barcode Price effective from Koha item type
Dewey Decimal Classification   TEXT BOOKS LAW SOCIETY OF NAMIBIA LIBRARY - WINDHOEK LAW SOCIETY OF NAMIBIA LIBRARY - WINDHOEK Family law 11/10/2023 346.1 HAH LSN/1987/266 11/10/2023 Books